Harry Styles - American Girls - All lyrics - Statistics

General Stats
  • This quiz has been taken 42 times
    26 since last reset
  • The average score is 156 of 199
Answer Stats
Answer % Correct
you
100%
You
100%
A
94%
all
89%
All
89%
American
89%
(American
89%
are
89%
girls
89%
girls)
89%
girls,
89%
in
89%
that
89%
That
89%
With
89%
with
89%
ages,
83%
ages
83%
for
83%
friends
83%
it
83%
I've
83%
known
83%
love
83%
My
83%
the
83%
it's
78%
heard
72%
over
72%
world
72%
your
72%
Your
72%
at
67%
seen
67%
stages
67%
Those
67%
those
67%
home
61%
perfect
61%
Right
61%
timing
61%
lighting
56%
time
56%
try
56%
face
50%
knows
44%
life
44%
should
44%
spend
44%
Her
39%
will
39%
show
33%
Cause
28%
Don't
28%
Just
28%
eyes
22%
temptations
22%
deny
17%
frustrations
17%
sweet
17%
No matching quizzes found
Score Distribution
Percent of People with Each Score
Percentile by Number Answered
Your Score History
You have not taken this quiz since the last reset